| 000 | 00499nam a22001937a 4500 | ||
|---|---|---|---|
| 003 | MPLRDC | ||
| 005 | 20220104143927.0 | ||
| 008 | 210129b ||||| |||| 00| 0 eng d | ||
| 020 | _a7-81053-303-7 | ||
| 082 | _a782.886 JY-5 | ||
| 100 | _a朱汉民 主编 | ||
| 245 |
_a金庸: 中国历史大势 _c |
||
| 250 | _a一版一刷 | ||
| 260 |
_a _b湖南大学出版社 _c2001 |
||
| 300 | _b平 | ||
| 490 | _a岳麓书院千年论坛丛书 | ||
| 650 | _a金庸传记 | ||
| 942 |
_cBK _o782.886 JY-5 |
||
| 999 |
_c44717 _d44707 |
||